[Event "Titled Tuesday 2021.01.19"]
[Site "Chess.com INT"]
[Date "2021.01.19"]
[Round "3"]
[White "Maly, Alexey"]
[Black "Golubka, Petro"]
[Result "1/2-1/2"]
[WhiteElo "2371"]
[BlackElo "2471"]
[WhiteFideId "-1"]
[BlackFideId "-1"]
[PlyCount "38"]
[GameId "1608592120815616"]
[EventDate "2021.01.19"]
[EventType "swiss (blitz)"]
[EventRounds "11"]
[EventCountry "NET"]
[SourceTitle "CBM 200 Extra"]
[Source "ChessBase"]
[SourceDate "2021.03.31"]
[SourceVersion "1"]
[SourceVersionDate "2021.03.31"]
[SourceQuality "1"]

1. d4 d5 2. c4 c6 3. e3 a6 4. Nd2 Nf6 5. Bd3 Bg4 6. Qc2 e6 7. Ngf3 Nbd7 8. O-O Bd6 9. b3 O-O 10. Bb2 Qb8 11. h3 Bh5 12. Rac1 Rc8 13. Rfe1 a5 14. a4 Bb4 15. Bc3 Bxc3 16. Qxc3 Bxf3 17. Nxf3 Qd6 18. Ne5 Qe7 19. Nxd7 Qxd7 1/2-1/2

[Event "Titled Tuesday 2021.01.19"]
[Site "Chess.com INT"]
[Date "2021.01.19"]
[Round "4"]
[White "Golubka, Petro"]
[Black "Andreikin, Dmitry"]
[Result "1/2-1/2"]
[WhiteElo "2471"]
[BlackElo "2725"]
[WhiteFideId "-1"]
[BlackFideId "-1"]
[PlyCount "246"]
[GameId "1608592122834944"]
[EventDate "2021.01.19"]
[EventType "swiss (blitz)"]
[EventRounds "11"]
[EventCountry "NET"]
[SourceTitle "CBM 200 Extra"]
[Source "ChessBase"]
[SourceDate "2021.03.31"]
[SourceVersion "1"]
[SourceVersionDate "2021.03.31"]
[SourceQuality "1"]

1. e4 c5 2. Nf3 e6 3. g3 Nc6 4. Bg2 Nf6 5. Qe2 d6 6. O-O e5 7. c3 g6 8. d4 cxd4 9. cxd4 Bg4 10. dxe5 dxe5 11. Be3 Bg7 12. Rd1 Qa5 13. Nc3 O-O 14. h3 Bxf3 15. Bxf3 Rfd8 16. Qb5 Qxb5 17. Nxb5 a6 18. Nd6 Rab8 19. Bb6 Rd7 20. Nc4 Bf8 21. a3 h5 22. Kg2 Rc8 23. Be3 b5 24. Nb6 Rxd1 25. Rxd1 Rc7 26. Nd5 Nxd5 27. exd5 Nd4 28. Bxd4 exd4 29. Rxd4 Bd6 30. Rd2 Rc1 31. Be4 Kf8 32. Rc2 Re1 33. Bd3 Rd1 34. Be4 Rd4 35. Bf3 Ke7 36. Kf1 h4 37. g4 a5 38. Ke2 b4 39. axb4 Rxb4 40. Kd1 Be5 41. Kc1 Rb3 42. Bg2 a4 43. Re2 Kd6 44. Bf1 Kxd5 45. Bg2+ Kd6 46. Rd2+ Ke7 47. Rc2 Kf6 48. Re2 Rb4 49. Bd5 Rd4 50. g5+ Kxg5 51. Rxe5+ Kf4 52. Re7 Rxd5 53. Rxf7+ Rf5 54. Ra7 Kf3 55. Rxa4 g5 56. b4 Kxf2 57. Ra5 Rf4 58. Rxg5 Rxb4 59. Kd2 Rb3 60. Rf5+ Kg2 61. Ke2 Rb2+ 62. Ke1 Rb1+ 63. Ke2 Rb3 64. Rf6 Ra3 65. Rf7 Kg3 66. Rg7+ Kxh3 67. Kf2 Ra2+ 68. Kg1 Ra1+ 69. Kf2 Ra3 70. Kf1 Rb3 71. Kf2 Ra3 72. Kf1 Rf3+ 73. Ke2 Rg3 74. Rh7 Rg4 75. Kf2 Kh2 76. Rh6 Rf4+ 77. Ke2 Kg3 78. Rg6+ Kh2 79. Rg7 h3 80. Ke3 Rf1 81. Ke2 Rg1 82. Rh7 Rg8 83. Kf1 Rf8+ 84. Ke2 Rf4 85. Rh8 Kg3 86. Rg8+ Kh2 87. Rh8 Kg2 88. Rg8+ Kh1 89. Rh8 Kh2 90. Rh7 Rf6 91. Rh8 Rg6 92. Kf2 Ra6 93. Kf1 Ra1+ 94. Kf2 Rb1 95. Kf3 Rb2 96. Rh7 Rc2 97. Rh8 Rc7 98. Kf2 Rf7+ 99. Ke2 Rc7 100. Rh6 Rc3 101. Kf2 Rc1 102. Ke2 Rc5 103. Kf2 Rf5+ 104. Ke2 Kg3 105. Rg6+ Kf4 106. Rh6 Kg4 107. Rg6+ Kh5 108. Rg8 Kh4 109. Rh8+ Kg3 110. Rg8+ Kh2 111. Rh8 Rf4 112. Rh7 Rg4 113. Kf3 Rg2 114. Rh8 Rg7 115. Rh6 Rf7+ 116. Ke2 Kg3 117. Rg6+ Kf4 118. Rh6 Kg4 119. Rg6+ Kh5 120. Rg8 Kh4 121. Rh8+ Kg3 122. Rg8+ Kh2 123. Rh8 Rf4 1/2-1/2

[Event "Titled Tuesday 2021.01.19"]
[Site "Chess.com INT"]
[Date "2021.01.19"]
[Round "5"]
[White "Shevchenko, Kirill"]
[Black "Golubka, Petro"]
[Result "1-0"]
[WhiteElo "2599"]
[BlackElo "2471"]
[WhiteFideId "-1"]
[BlackFideId "-1"]
[PlyCount "59"]
[GameId "1608592123183104"]
[EventDate "2021.01.19"]
[EventType "swiss (blitz)"]
[EventRounds "11"]
[EventCountry "NET"]
[SourceTitle "CBM 200 Extra"]
[Source "ChessBase"]
[SourceDate "2021.03.31"]
[SourceVersion "1"]
[SourceVersionDate "2021.03.31"]
[SourceQuality "1"]

1. c4 c6 2. Nc3 d5 3. d4 a6 4. cxd5 cxd5 5. Bg5 h6 6. Bh4 Nc6 7. e3 Nf6 8. Bxf6 gxf6 9. Bd3 e6 10. f4 f5 11. Nf3 Bg7 12. O-O Bd7 13. Rc1 Rc8 14. Kh1 O-O 15. Rg1 Kh8 16. Bb1 Ne7 17. Qd3 Qb6 18. b3 Bb5 19. Qd2 Bd7 20. g4 fxg4 21. Ne5 Qd8 22. Rxg4 f5 23. Rg2 Be8 24. Rcg1 Bf6 25. Qe1 Qa5 26. Qg3 Qxc3 27. Qh3 h5 28. Ng6+ Bxg6 29. Rxg6 Rf7 30. Rh6+ 1-0

[Event "Titled Tuesday 2021.01.19"]
[Site "Chess.com INT"]
[Date "2021.01.19"]
[Round "8"]
[White "Golubka, Petro"]
[Black "Rakotomaharo, Fy Antenaina"]
[Result "1-0"]
[WhiteElo "2471"]
[BlackElo "2422"]
[WhiteFideId "-1"]
[BlackFideId "-1"]
[PlyCount "43"]
[GameId "1608592125669376"]
[EventDate "2021.01.19"]
[EventType "swiss (blitz)"]
[EventRounds "11"]
[EventCountry "NET"]
[SourceTitle "CBM 200 Extra"]
[Source "ChessBase"]
[SourceDate "2021.03.31"]
[SourceVersion "1"]
[SourceVersionDate "2021.03.31"]
[SourceQuality "1"]

1. e4 e5 2. Nf3 Nc6 3. Bb5 a6 4. Ba4 Nf6 5. O-O Bc5 6. d3 b5 7. Bb3 d6 8. a4 Bg4 9. c3 O-O 10. h3 Bh5 11. Nbd2 Qd7 12. Re1 b4 13. a5 bxc3 14. bxc3 d5 15. exd5 Nxd5 16. Ne4 Ba7 17. Nxe5 Nxe5 18. Qxh5 Rae8 19. d4 Nd3 20. Bxd5 Nxe1 21. Bh6 Rxe4 22. Qg5 1-0

[Event "Titled Tuesday 2021.01.19"]
[Site "Chess.com INT"]
[Date "2021.01.19"]
[Round "9"]
[White "Golubka, Petro"]
[Black "Rustemov, Alexander"]
[Result "0-1"]
[WhiteElo "2471"]
[BlackElo "2525"]
[WhiteFideId "-1"]
[BlackFideId "-1"]
[PlyCount "56"]
[GameId "1608592126545920"]
[EventDate "2021.01.19"]
[EventType "swiss (blitz)"]
[EventRounds "11"]
[EventCountry "NET"]
[SourceTitle "CBM 200 Extra"]
[Source "ChessBase"]
[SourceDate "2021.03.31"]
[SourceVersion "1"]
[SourceVersionDate "2021.03.31"]
[SourceQuality "1"]

1. e4 e6 2. d4 d5 3. Bd3 dxe4 4. Bxe4 Nf6 5. Bf3 c5 6. Ne2 Nc6 7. Be3 cxd4 8. Nxd4 Ne5 9. O-O Be7 10. Nc3 O-O 11. Qe2 Nxf3+ 12. Qxf3 a6 13. Rad1 Qc7 14. Bg5 Rd8 15. Rfe1 Qc5 16. h4 Rxd4 17. Rxd4 Qxd4 18. Rd1 Qc5 19. Bxf6 gxf6 20. Qg3+ Kf8 21. Qf4 Qh5 22. Rd2 e5 23. Qe4 Qf5 24. Qd5 Qe6 25. Qd3 f5 26. Nd5 Bd7 27. Nc7 Qxa2 28. Qxd7 Rd8 0-1

[Event "Titled Tuesday 2021.01.19"]
[Site "Chess.com INT"]
[Date "2021.01.19"]
[Round "10"]
[White "Costachi, Mihnea"]
[Black "Golubka, Petro"]
[Result "0-1"]
[WhiteElo "2471"]
[BlackElo "2471"]
[WhiteFideId "-1"]
[BlackFideId "-1"]
[PlyCount "172"]
[GameId "1608592127950848"]
[EventDate "2021.01.19"]
[EventType "swiss (blitz)"]
[EventRounds "11"]
[EventCountry "NET"]
[SourceTitle "CBM 200 Extra"]
[Source "ChessBase"]
[SourceDate "2021.03.31"]
[SourceVersion "1"]
[SourceVersionDate "2021.03.31"]
[SourceQuality "1"]

1. d4 Nf6 2. c4 e6 3. Nf3 b6 4. g3 Ba6 5. Qc2 Bb4+ 6. Bd2 Be7 7. Bg2 c6 8. O-O O-O 9. e4 d5 10. exd5 cxd5 11. b3 Nc6 12. Rc1 dxc4 13. bxc4 Rc8 14. Qb2 Na5 15. Bxa5 bxa5 16. Nbd2 a4 17. a3 Qc7 18. Qc2 Bb5 19. Ne5 Rfd8 20. Ndf3 Be8 21. h4 Rb8 22. Rcb1 Rxb1+ 23. Rxb1 Bxa3 24. c5 a5 25. Nd3 Bc6 26. Qc3 Bb4 27. Nxb4 axb4 28. Qxb4 h6 29. Ne5 Bxg2 30. Kxg2 a3 31. Qb6 Qxb6 32. cxb6 Rb8 33. Nc4 Nd5 34. b7 a2 35. Ra1 Nb4 36. Na5 Kf8 37. Kf3 Ke8 38. Ke2 Kd7 39. Kd2 Kc7 40. Kc3 Nc6 41. Nc4 Rxb7 42. Rxa2 Rb1 43. Ne3 Rc1+ 44. Kd2 Rg1 45. d5 exd5 46. Nxd5+ Kd6 47. Ne3 g6 48. Ra6 Kc5 49. Ra8 h5 50. Rf8 Ne5 51. Rc8+ Kd6 52. Ra8 Rh1 53. Ke2 Rh2 54. Ra7 Ke6 55. Kf1 Rh1+ 56. Kg2 Re1 57. Ra6+ Ke7 58. Ra7+ Kf8 59. Nc2 Re2 60. Nd4 Rd2 61. Nb3 Rb2 62. Nc5 Ng4 63. Nd3 Rd2 64. Ra3 Kg7 65. Kf1 Rc2 66. Ke1 Rc4 67. Ra2 Re4+ 68. Kf1 Rd4 69. Ke2 Re4+ 70. Kf3 Rd4 71. Nf4 Ne5+ 72. Kg2 Rd6 73. f3 Nd3 74. Ne2 Ne5 75. Rc2 Nd3 76. g4 hxg4 77. fxg4 Ne1+ 78. Kg3 Nxc2 79. h5 Nd4 80. Nf4 Ne6 81. Ne2 Rd2 82. Nc3 Rd3+ 83. Kh4 Rxc3 84. h6+ Kh8 85. g5 Rc4+ 86. Kg3 Kh7 0-1

[Event "Titled Tuesday 2021.01.19"]
[Site "Chess.com INT"]
[Date "2021.01.19"]
[Round "11"]
[White "Aditya, Mittal"]
[Black "Golubka, Petro"]
[Result "1-0"]
[WhiteElo "2438"]
[BlackElo "2471"]
[WhiteFideId "-1"]
[BlackFideId "-1"]
[PlyCount "109"]
[GameId "1608592128544768"]
[EventDate "2021.01.19"]
[EventType "swiss (blitz)"]
[EventRounds "11"]
[EventCountry "NET"]
[SourceTitle "CBM 200 Extra"]
[Source "ChessBase"]
[SourceDate "2021.03.31"]
[SourceVersion "1"]
[SourceVersionDate "2021.03.31"]
[SourceQuality "1"]

1. d4 Nf6 2. c4 e6 3. Nc3 Bb4 4. f3 d5 5. a3 Be7 6. e4 c5 7. cxd5 exd5 8. e5 Nfd7 9. f4 Nc6 10. Nf3 O-O 11. Nxd5 cxd4 12. b4 Ndxe5 13. Nxe7+ Qxe7 14. fxe5 Nxe5 15. Kf2 Bg4 16. Qxd4 Bxf3 17. gxf3 Qf6 18. Be2 Rad8 19. Qf4 Nd3+ 20. Bxd3 Qxa1 21. Qe4 g6 22. Re1 Qc3 23. Bf1 Rfe8 24. Qxe8+ Rxe8 25. Rxe8+ Kg7 26. Be3 Qb2+ 27. Be2 Qxa3 28. b5 b6 29. Bd4+ Kh6 30. Re3 Qb4 31. Re4 Qd6 32. Kg2 g5 33. h4 f5 34. hxg5+ Kg6 35. Rh4 Qe7 36. Kf1 Qxg5 37. Rh2 Qc1+ 38. Kf2 Qc2 39. Rg2+ Kf7 40. Rg7+ Ke6 41. Rxa7 h5 42. Rb7 h4 43. Rxb6+ Kd5 44. Be3 f4 45. Bxf4 h3 46. Rh6 Qc5+ 47. Be3 Qc8 48. Rh5+ Kd6 49. Bf4+ Ke7 50. Rh7+ Kf6 51. Be3 Kg6 52. Rh6+ Kg7 53. b6 Qf5 54. Rh4 Qg6 55. Rg4 1-0

[Event "Titled Tuesday 2021.01.12"]
[Site "Chess.com INT"]
[Date "2021.01.12"]
[Round "1"]
[White "Nilssen, Ellen Fredericia"]
[Black "Golubka, Petro"]
[Result "0-1"]
[WhiteElo "2175"]
[BlackElo "2471"]
[WhiteFideId "-1"]
[BlackFideId "-1"]
[PlyCount "70"]
[GameId "1606079934177280"]
[EventDate "2021.01.12"]
[EventType "swiss (blitz)"]
[EventRounds "11"]
[EventCountry "NET"]
[SourceTitle "CBM 200 Extra"]
[Source "ChessBase"]
[SourceDate "2021.03.31"]
[SourceVersion "1"]
[SourceVersionDate "2021.03.31"]
[SourceQuality "1"]

1. d4 d5 2. c4 c6 3. Nc3 Nf6 4. Nf3 h6 5. Bf4 a6 6. cxd5 Nxd5 7. Bg3 e6 8. e3 Qa5 9. Qd2 Bb4 10. Rc1 Nd7 11. Be2 O-O 12. O-O b5 13. e4 N5f6 14. a3 Bxc3 15. Rxc3 Nxe4 16. Qd3 Nxc3 17. bxc3 Qxa3 18. Bd1 Rd8 19. Bc2 Nf8 20. Bc7 Rd7 21. Bb6 Bb7 22. Ne5 Rd5 23. Qf3 Qe7 24. Be4 Rxe5 25. dxe5 Rc8 26. Rd1 Nd7 27. Ba5 Nxe5 28. Qg3 Nc4 29. Bb4 c5 30. Bxb7 Qxb7 31. Bxc5 Rxc5 32. Rd8+ Kh7 33. Qd3+ Rf5 34. g4 Ne5 35. Qc2 Nxg4 0-1

[Event "Titled Tuesday 2021.01.12"]
[Site "Chess.com INT"]
[Date "2021.01.12"]
[Round "2"]
[White "Bluebaum, Matthias"]
[Black "Golubka, Petro"]
[Result "1/2-1/2"]
[WhiteElo "2670"]
[BlackElo "2471"]
[WhiteFideId "-1"]
[BlackFideId "-1"]
[PlyCount "180"]
[GameId "1606079936053248"]
[EventDate "2021.01.12"]
[EventType "swiss (blitz)"]
[EventRounds "11"]
[EventCountry "NET"]
[SourceTitle "CBM 200 Extra"]
[Source "ChessBase"]
[SourceDate "2021.03.31"]
[SourceVersion "1"]
[SourceVersionDate "2021.03.31"]
[SourceQuality "1"]

1. d4 d5 2. c4 e6 3. Nc3 c5 4. cxd5 cxd4 5. Qa4+ Bd7 6. Qxd4 exd5 7. Qxd5 Nc6 8. Nf3 Nf6 9. Qd1 Bc5 10. e3 Qe7 11. Be2 O-O-O 12. O-O g5 13. Nd4 g4 14. b4 Bxb4 15. Bb2 Kb8 16. Rb1 h5 17. Ba1 Bc5 18. Na4 Bxd4 19. exd4 Nd5 20. Nc5 Bc8 21. Ba6 b6 22. Qa4 Qd6 23. Rfc1 Nce7 24. Bb2 Ka8 25. Ne4 Qf4 26. Ng3 h4 27. Ne2 Qb8 28. Ba3 Bxa6 29. Qxa6 Qb7 30. Qxb7+ Kxb7 31. Bxe7 Nxe7 32. Rc2 Nf5 33. Rd1 Rhe8 34. d5 Re5 35. Nf4 Re4 36. Nh5 Rxd5 37. Rdc1 Rd6 38. Rc7+ Ka6 39. Rxf7 Nd4 40. Kh1 Ne2 41. Rf1 Rd2 42. Rg7 Rxa2 43. Nf6 Rf4 44. Nxg4 b5 45. Rd1 Rd4 46. Re1 b4 47. Ne3 b3 48. Rg6+ Kb5 49. Rg5+ Kb4 50. h3 a5 51. Nd5+ Rxd5 52. Rxd5 Rc2 53. Re5 Nc3 54. Rh5 b2 55. Rxh4+ Kb3 56. Kh2 a4 57. Re8 a3 58. Rb8+ Ka2 59. Rc4 Rc1 60. Ra8 Rc2 61. Rb4 b1=Q 62. Rxb1 Nxb1 63. h4 Kb3 64. h5 Rc5 65. g4 Nd2 66. Kg3 Ne4+ 67. Kf4 Nf6 68. h6 Rc4+ 69. Kf5 Rxg4 70. Kxf6 Ra4 71. Rd8 a2 72. Rd1 Ra6+ 73. Kg7 Ra7+ 74. Kg6 Ra6+ 75. Kg7 Ra7+ 76. Kg6 Ra6+ 77. Kg5 Ra5+ 78. Kg4 Ra4+ 79. f4 Ra6 80. Kg5 Rd6 81. Ra1 Kb2 82. Rxa2+ Kxa2 83. h7 Rd8 84. f5 Kb3 85. Kg6 Kc4 86. f6 Kd5 87. f7 Ke6 88. Kg7 Ke7 89. h8=Q Rxh8 90. Kxh8 Kxf7 1/2-1/2

[Event "Titled Tuesday 2021.01.12"]
[Site "Chess.com INT"]
[Date "2021.01.12"]
[Round "3"]
[White "Golubka, Petro"]
[Black "Aravindh, Chithambaram VR"]
[Result "0-1"]
[WhiteElo "2471"]
[BlackElo "2641"]
[WhiteFideId "-1"]
[BlackFideId "-1"]
[PlyCount "122"]
[GameId "1606079937048576"]
[EventDate "2021.01.12"]
[EventType "swiss (blitz)"]
[EventRounds "11"]
[EventCountry "NET"]
[SourceTitle "CBM 200 Extra"]
[Source "ChessBase"]
[SourceDate "2021.03.31"]
[SourceVersion "1"]
[SourceVersionDate "2021.03.31"]
[SourceQuality "1"]

1. b4 h5 2. h3 a5 3. b5 h4 4. Nf3 b6 5. e4 Bb7 6. d3 e6 7. Be2 Be7 8. O-O Nf6 9. Bb2 d6 10. Nbd2 Nbd7 11. Re1 Nh5 12. Bf1 Nf4 13. Nc4 Rg8 14. Bc1 g5 15. Bxf4 gxf4 16. Qd2 e5 17. d4 Bf6 18. c3 Qe7 19. Qd3 O-O-O 20. Rad1 Kb8 21. Nh2 Bh8 22. Ng4 f5 23. exf5 e4 24. Qd2 Qg5 25. Qc2 Qxf5 26. f3 d5 27. Nd2 Rde8 28. c4 Bxd4+ 29. Kh1 Nc5 30. cxd5 Nd3 31. Rxe4 Rxe4 32. Bxd3 Qf8 33. Bxe4 Bc5 34. Nc4 Bd6 35. a4 Qe7 36. Qc1 Re8 37. Rd3 Bc8 38. Nxd6 Qxd6 39. Rc3 Bd7 40. Kh2 Re7 41. Qe1 Qb4 42. d6 cxd6 43. Qd2 Be6 44. Qd3 d5 45. Rc6 Qe1 46. Rxb6+ Kc7 47. Rc6+ Kd8 48. Rd6+ Ke8 49. Bg6+ Kf8 50. Qd4 Qg3+ 51. Kh1 Qe1+ 52. Qg1 Qc3 53. Rc6 Qb2 54. Nf2 Bf7 55. Bxf7 Kxf7 56. Nd3 Qd2 57. Nxf4 Re1 58. Rc7+ Kg8 59. Nxd5 Rxg1+ 60. Kxg1 Qxd5 61. Kh2 Qd6+ 0-1

[Event "Titled Tuesday 2021.01.12"]
[Site "Chess.com INT"]
[Date "2021.01.12"]
[Round "4"]
[White "Shevtchenko, Olesya"]
[Black "Golubka, Petro"]
[Result "0-1"]
[WhiteElo "2054"]
[BlackElo "2471"]
[WhiteFideId "-1"]
[BlackFideId "-1"]
[PlyCount "50"]
[GameId "1606079937175552"]
[EventDate "2021.01.12"]
[EventType "swiss (blitz)"]
[EventRounds "11"]
[EventCountry "NET"]
[SourceTitle "CBM 200 Extra"]
[Source "ChessBase"]
[SourceDate "2021.03.31"]
[SourceVersion "1"]
[SourceVersionDate "2021.03.31"]
[SourceQuality "1"]

1. d4 d5 2. Nf3 c6 3. Bf4 a6 4. c3 Nf6 5. Nbd2 Bg4 6. h3 Bh5 7. e3 e6 8. Bd3 Nbd7 9. O-O Be7 10. Qc2 O-O 11. b4 Re8 12. Ne5 Bg6 13. Nxg6 hxg6 14. Nf3 Qc8 15. Ng5 Nf8 16. a4 Nh5 17. Nf3 Nxf4 18. exf4 Bd6 19. g3 a5 20. b5 c5 21. c4 cxd4 22. Nxd4 e5 23. Nb3 exf4 24. c5 Qxh3 25. cxd6 f3 0-1

[Event "Titled Tuesday 2021.01.12"]
[Site "Chess.com INT"]
[Date "2021.01.12"]
[Round "5"]
[White "Golubka, Petro"]
[Black "Ibrahimli, Murad Sultanali"]
[Result "1-0"]
[WhiteElo "2471"]
[BlackElo "2436"]
[WhiteFideId "-1"]
[BlackFideId "-1"]
[PlyCount "123"]
[GameId "1606079939125248"]
[EventDate "2021.01.12"]
[EventType "swiss (blitz)"]
[EventRounds "11"]
[EventCountry "NET"]
[SourceTitle "CBM 200 Extra"]
[Source "ChessBase"]
[SourceDate "2021.03.31"]
[SourceVersion "1"]
[SourceVersionDate "2021.03.31"]
[SourceQuality "1"]

1. b3 e5 2. Bb2 Nc6 3. g3 Nf6 4. Bg2 d6 5. e3 g6 6. Ne2 Bg7 7. O-O O-O 8. c4 h5 9. h3 Bf5 10. d3 e4 11. dxe4 Bxe4 12. Nd2 Bxg2 13. Kxg2 Qd7 14. Nf4 Rae8 15. Rb1 Ne5 16. Re1 a5 17. Nf3 Nxf3 18. Qxf3 Ne4 19. Bxg7 Kxg7 20. Rbd1 Re5 21. h4 Rfe8 22. Rd5 c6 23. Rxe5 Rxe5 24. Rd1 Qe7 25. Rd4 Nc5 26. Qd1 Ne4 27. Qd3 b6 28. Qd1 b5 29. Qa1 Kh7 30. cxb5 Rxb5 31. Qc1 Rc5 32. Rc4 d5 33. Rxc5 Nxc5 34. Qc2 Kg8 35. Kf1 Qd6 36. Ke2 Ne4 37. Kf3 c5 38. Qd3 Nf6 39. Qd2 Qc6 40. Qxa5 d4+ 41. Ke2 dxe3 42. f3 Qd7 43. Qc3 Kg7 44. Kxe3 Qe7+ 45. Kd2 Qd6+ 46. Kc2 Kg8 47. Kb1 Nd7 48. Qd3 Qe7 49. Qe4 Qd6 50. Nd3 Nb6 51. f4 Nd5 52. Qe8+ Kg7 53. Qe5+ Qxe5 54. fxe5 g5 55. Nxc5 Kg6 56. a4 gxh4 57. gxh4 Kf5 58. a5 Kxe5 59. a6 f5 60. a7 Nc7 61. Kc2 Kd4 62. Ne6+ 1-0

[Event "Titled Tuesday 2021.01.12"]
[Site "Chess.com INT"]
[Date "2021.01.12"]
[Round "6"]
[White "Golubka, Petro"]
[Black "Afanasiev, Nikita"]
[Result "1-0"]
[WhiteElo "2471"]
[BlackElo "2514"]
[WhiteFideId "-1"]
[BlackFideId "-1"]
[PlyCount "119"]
[GameId "1606079940009984"]
[EventDate "2021.01.12"]
[EventType "swiss (blitz)"]
[EventRounds "11"]
[EventCountry "NET"]
[SourceTitle "CBM 200 Extra"]
[Source "ChessBase"]
[SourceDate "2021.03.31"]
[SourceVersion "1"]
[SourceVersionDate "2021.03.31"]
[SourceQuality "1"]

1. b3 Nf6 2. Bb2 e6 3. g3 d5 4. Bg2 Be7 5. e3 O-O 6. Ne2 a5 7. a3 c5 8. O-O a4 9. d3 Nc6 10. bxa4 Rxa4 11. c4 Ra6 12. Nbc3 dxc4 13. dxc4 Ne5 14. Qb3 Qd3 15. Bxb7 Bxb7 16. Qxb7 Qxc4 17. Qxe7 Nd3 18. Rab1 h5 19. a4 Rb8 20. Ba1 Rb4 21. h3 h4 22. Kg2 Rab6 23. Rbd1 hxg3 24. Qd8+ Kh7 25. Qxd3+ Qxd3 26. Rxd3 gxf2 27. Rxf2 Rb3 28. Rd1 Ra6 29. Rff1 Kg8 30. Rb1 Ra3 31. Rfd1 Kh7 32. Kf2 Ne8 33. Bb2 Rb3 34. Ba1 Ra3 35. Rb7 Ra8 36. Rxf7 Nf6 37. Rg1 Nh5 38. Bb2 Rb3 39. Bc1 e5 40. Rf5 g6 41. Rf7+ Kh6 42. e4+ g5 43. Bxg5+ Kg6 44. Rf3 Kh7 45. Bc1 Nf4 46. Bxf4 exf4 47. h4 Rf8 48. Rg5 Kh6 49. Rxc5 Rb2 50. Rf5 Rg8 51. Rf6+ Kh7 52. R6xf4 Kh6 53. Rf6+ Kh5 54. R3f5+ Kxh4 55. Rh6+ Kg4 56. Rh2 Rd8 57. Rg2+ Kh4 58. Ke3 Kh3 59. Nf4+ Kh4 60. Rh5# 1-0

[Event "Titled Tuesday 2021.01.12"]
[Site "Chess.com INT"]
[Date "2021.01.12"]
[Round "7"]
[White "Gorodetzky, David"]
[Black "Golubka, Petro"]
[Result "0-1"]
[WhiteElo "2495"]
[BlackElo "2471"]
[WhiteFideId "-1"]
[BlackFideId "-1"]
[PlyCount "68"]
[GameId "1606079940399104"]
[EventDate "2021.01.12"]
[EventType "swiss (blitz)"]
[EventRounds "11"]
[EventCountry "NET"]
[SourceTitle "CBM 200 Extra"]
[Source "ChessBase"]
[SourceDate "2021.03.31"]
[SourceVersion "1"]
[SourceVersionDate "2021.03.31"]
[SourceQuality "1"]

1. b3 b6 2. Bb2 Bb7 3. Nf3 Nf6 4. g3 Bxf3 5. exf3 e6 6. f4 Be7 7. Bg2 c6 8. O-O O-O 9. d4 a5 10. a4 Na6 11. c4 d5 12. Nd2 g6 13. Qe2 Nb4 14. Nf3 Nd7 15. Rac1 Rc8 16. Rfd1 Re8 17. Ba3 Bf8 18. Ne5 Nxe5 19. fxe5 Qd7 20. c5 bxc5 21. dxc5 Rb8 22. Bf1 Qa7 23. Qe3 Na6 24. f4 Rb7 25. Rc3 Reb8 26. Kg2 Ra8 27. h4 h5 28. Be2 Nb4 29. g4 hxg4 30. Bxg4 d4 31. Qxd4 Nd5 32. Rg3 Rab8 33. Rdd3 Rb4 34. Bxb4 Rxb4 0-1

[Event "Titled Tuesday 2021.01.12"]
[Site "Chess.com INT"]
[Date "2021.01.12"]
[Round "8"]
[White "Hansen, Sune Berg"]
[Black "Golubka, Petro"]
[Result "1-0"]
[WhiteElo "2533"]
[BlackElo "2471"]
[WhiteFideId "-1"]
[BlackFideId "-1"]
[PlyCount "75"]
[GameId "1606079941619712"]
[EventDate "2021.01.12"]
[EventType "swiss (blitz)"]
[EventRounds "11"]
[EventCountry "NET"]
[SourceTitle "CBM 200 Extra"]
[Source "ChessBase"]
[SourceDate "2021.03.31"]
[SourceVersion "1"]
[SourceVersionDate "2021.03.31"]
[SourceQuality "1"]

1. Nf3 Nf6 2. g3 b6 3. Bg2 Bb7 4. O-O e6 5. d3 d5 6. Nbd2 Be7 7. e4 dxe4 8. dxe4 O-O 9. e5 Nfd7 10. Re1 a5 11. Qe2 Nc5 12. a3 Nbd7 13. h4 Bd5 14. b3 Qc8 15. Bb2 Rd8 16. Rad1 Bf8 17. h5 h6 18. Bh3 Qb7 19. Qe3 b5 20. Nd4 b4 21. a4 Be7 22. Kh2 Re8 23. f4 Rad8 24. Rg1 Ne4 25. Nc4 Qa6 26. Bf1 Qa8 27. Nb5 Rc8 28. Bg2 Bc5 29. Bd4 Bxd4 30. Rxd4 Nec5 31. Bxd5 exd5 32. Nd2 Re6 33. Nf3 Qb7 34. Rgd1 Nb6 35. f5 Ree8 36. Rg4 Kh7 37. f6 Ne4 38. Rxg7+ 1-0

[Event "Titled Tuesday 2021.01.12"]
[Site "Chess.com INT"]
[Date "2021.01.12"]
[Round "9"]
[White "Golubka, Petro"]
[Black "Molina, Roberto Junio Brito"]
[Result "0-1"]
[WhiteElo "2471"]
[BlackElo "2434"]
[WhiteFideId "-1"]
[BlackFideId "-1"]
[PlyCount "92"]
[GameId "1606079942496256"]
[EventDate "2021.01.12"]
[EventType "swiss (blitz)"]
[EventRounds "11"]
[EventCountry "NET"]
[SourceTitle "CBM 200 Extra"]
[Source "ChessBase"]
[SourceDate "2021.03.31"]
[SourceVersion "1"]
[SourceVersionDate "2021.03.31"]
[SourceQuality "1"]

1. b3 d5 2. Bb2 Bg4 3. g3 e6 4. Bg2 Nf6 5. h3 Bh5 6. Nf3 Bd6 7. d3 O-O 8. Nbd2 Qe7 9. O-O Ba3 10. Bxa3 Qxa3 11. Qc1 Qxc1 12. Rfxc1 Bxf3 13. Bxf3 Nbd7 14. c4 c6 15. Bg2 Rfc8 16. a3 Kf8 17. Kf1 Ke7 18. Ke1 Kd6 19. Kd1 b5 20. Kc2 a5 21. Kc3 Rab8 22. Rcb1 e5 23. e3 Rc7 24. g4 g6 25. g5 Ne8 26. d4 e4 27. h4 f5 28. gxf6 Ndxf6 29. f3 exf3 30. Bxf3 Re7 31. Re1 c5 32. dxc5+ Kxc5 33. b4+ axb4+ 34. axb4+ Kd6 35. c5+ Ke5 36. Ra6 Nc7 37. Rc6 Ne4+ 38. Bxe4 dxe4 39. Rd6 Nd5+ 40. Kb3 Ra8 41. Rd1 Nxe3 42. Re1 Rea7 43. Nb1 Nf5 44. Rb6 Nd4+ 45. Kc3 Ra2 46. Rc1 Ne2+ 0-1

[Event "Titled Tuesday 2021.01.12"]
[Site "Chess.com INT"]
[Date "2021.01.12"]
[Round "10"]
[White "Golubka, Petro"]
[Black "Stukan, Martin"]
[Result "1-0"]
[WhiteElo "2471"]
[BlackElo "2342"]
[WhiteFideId "-1"]
[BlackFideId "-1"]
[PlyCount "37"]
[GameId "1606079943028736"]
[EventDate "2021.01.12"]
[EventType "swiss (blitz)"]
[EventRounds "11"]
[EventCountry "NET"]
[SourceTitle "CBM 200 Extra"]
[Source "ChessBase"]
[SourceDate "2021.03.31"]
[SourceVersion "1"]
[SourceVersionDate "2021.03.31"]
[SourceQuality "1"]

1. b3 d5 2. c4 c5 3. cxd5 Qxd5 4. Nc3 Qd7 5. Nf3 Nc6 6. e3 g6 7. Ba3 b6 8. d4 cxd4 9. exd4 Bg7 10. Bb5 a6 11. Bxc6 Qxc6 12. Rc1 Qe6+ 13. Kf1 Bb7 14. d5 Qd7 15. Na4 Nf6 16. d6 exd6 17. Qe2+ Qe7 18. Qxe7+ Kxe7 19. Rc7+ 1-0